=LDR 00000nam 2200000 4500 =001 INLIS000000000001656 =005 20130612090045 =008 ***********************************Ind** =035 ##$$0010-061300000001656 =041 ##$$a Ind =082 ##$$a 372.19 =090 ##$$a 372.19, Suw-s =100 ##$$a SUWARJO HP =245 ##$$a Satuan pelajaran SP - SD Kelas 4 cawu III Sekolah Dasar =260 ##$$a 1994 $b Semarang =300 ##$$a ...jil, 28 cm =650 ##$$a Satuan Pelajaran (Pendidikan Dasar/SD) =850 ##$$a NBPNMAT